Ako ísť vlastnou cestou
Ako byť úspešný vo vlastnom podnikaní. Dôležité vlastnosti: byť výkonný, vášeň pre vec, ktorej sa venujem, výnimočnosť vo svojom odbore. Pochopenie globálnych trendov a hľadanie vlastnej cesty. Neustále zmeny. Vytváranie novej hodnoty pre klienta, inovácie a komunikácia so zákazníkom. Desať vecí, kt...
Na minha lista:
| Autor principal: | |
|---|---|
| Formato: | Capítulo de Livro |
| Idioma: | eslovaco |
| Assuntos: | |
| Tags: |
Sem tags, seja o primeiro a adicionar uma tag!
|
MARC
| LEADER | 00000naa a2200000 4500 | ||
|---|---|---|---|
| 001 | 0183551 | ||
| 005 | 20231113100811.0 | ||
| 041 | 0 | |a slo | |
| 044 | |a SK | ||
| 245 | 1 | 0 | |a Ako ísť vlastnou cestou |c Ján Košturiak |
| 520 | |a Ako byť úspešný vo vlastnom podnikaní. Dôležité vlastnosti: byť výkonný, vášeň pre vec, ktorej sa venujem, výnimočnosť vo svojom odbore. Pochopenie globálnych trendov a hľadanie vlastnej cesty. Neustále zmeny. Vytváranie novej hodnoty pre klienta, inovácie a komunikácia so zákazníkom. Desať vecí, ktoré by mal podnikateľ vedieť. | ||
| 610 | 2 | 0 | |a podnikanie |
| 610 | 2 | 0 | |a podnikatelia |
| 610 | 2 | 0 | |a manažéri |
| 610 | 2 | 0 | |a inovácia |
| 610 | 2 | 0 | |a zákazníci |
| 610 | 2 | 0 | |a hodnota |
| 100 | 1 | |a Košturiak, Ján | |